Statistics for Champions League Top Scorers of the 5 Latest Seasons (17/18)

Click here to take the quiz!

General Stats

  • This quiz has been taken 163 times
  • The average score is 11 of 16

Answer Stats

#13/1414/1515/1616/1717/18Player% Correct
701710161215Cristiano Ronaldo
100%
418106116Lionel Messi
100%
27410346Neymar
88%
2556455Karim Benzema
86%
3466985Robert Lewandowski
86%
1907831Luis Suárez
83%
1362023Gareth Bale
74%
2746287Edinson Cavani
67%
2366254Sergio Agüero
66%
17102500Zlatan Ibrahimović
66%
13201010Mohamed Salah
65%
2657833Thomas Müller
59%
1702762Antoine Griezmann
53%
1440055Gonzalo Higuaín
51%
1735234Mario Mandžukić
28%
1513074Pierre-Emerick Aubameyang
28%

Score Distribution

Percentile by Number Answered

Percent of People with Each Score

Your Score History

You have not taken this quiz